000 00810cam a22002773a 4500
001 3726
003 PGUSA
005 20140828083037.0
008 030201s2003||||xxu|||||s|||||000 1 eng d
040 _aPGUSA
_beng
042 _adc
050 4 _aPQ
100 1 _aBoccaccio, Giovanni,
_d1313-1375
245 1 4 _aThe Decameron, Volume I
_h[electronic resource] /
_cGiovanni Boccaccio
260 _bProject Gutenberg,
_c2003
506 _aPublic domain in the USA.
516 _aElectronic text
653 _aPlague -- Europe -- History -- Fiction
653 _aAllegories
653 _aFrame-stories
653 _aStorytelling -- Fiction
700 1 _aRigg, J. M.
_q(James Macmullen),
_d1855-1926
830 0 _aProject Gutenberg
_v3726
856 4 0 _uhttp://www.gutenberg.org/ebooks/3726
942 _cEB
999 _c233055
_d233055